000 01556cac a2200409 i 4500
003 EG-GICUC
005 20260121101443.0
008 950301s1995 mnu frb 001 0 eng d
020 _a0314056181
_qalk. paper
020 _a9780314056184
_q(alk. paper)
040 _aDLC
_cDLC
_dDLC
_dEG-GICUC
_beng
_erda
043 _an-us---
050 0 0 _aKF4945.A7
_bE85 1995
082 0 0 _a340.01
_221
092 0 4 _221
099 _aLaw 08 1995
100 1 _aEskridge, William N.,
_cJr.,
_d1951-
245 1 0 _aCases and materials on legislation :
_bstatutes and the creation of public policy /
_cby William N. Eskridge, Jr., and Philip P. Frickey.
246 3 0 _aLegislation
250 _a2nd edition.
264 _aSt. Paul, Minn. :
_bWest Publishing Co.,
_c1995.
300 _axxvii, 970, 62 page ;
_c26 cm.
336 _atext
_btxt
_2rdacontent
337 _aunmediated
_bn
_2rdamedia
338 _avolume
_bnc
_2rdacarrier
440 0 _aAmerican casebook series
500 _aSupplements published: West Group (1998- ).
504 _aIncludes bibliographical references and index.
525 _aKept up to date by supplements, and supplements issued with title: Eskridge & Frickey's cases and materials on legislation.
650 0 _aLegislation
_zUnited States
_xCases.
650 0 _aPublic law
_zUnited States
_xCases.
700 1 _aFrickey, Philip P.,
_d1953-
740 0 2 _aEskridge & Frickey's cases and materials on legislation.
856 4 0 _uhttps://fll.law.cu.edu.eg/fulltext/bks/ENGB08-00103.pdf
905 _a10
942 _2ddc
_cBK
_e21
_n0
999 _c49208
_d49208